|
|
|
|
| LEADER |
07220nam a2200889 i 4500 |
| 001 |
mzk03001228096 |
| 003 |
CZ BrMZK |
| 005 |
20160721094934.0 |
| 007 |
ta |
| 008 |
160719s1489 gw fr|||||00| ||latod |
| 040 |
|
|
|a BOA001
|b cze
|e rda
|
| 072 |
|
7 |
|a 27-4
|x Praktická teologie. Morální teologie
|2 Konspekt
|9 5
|
| 072 |
|
7 |
|a 093
|x Prvotisky
|2 Konspekt
|9 12
|
| 080 |
|
|
|a 27-42
|2 MRF
|
| 080 |
|
|
|a 025.171
|2 MRF
|
| 080 |
|
|
|a (038.072)
|2 MRF
|
| 080 |
|
|
|a (0.068)093
|2 MRF
|
| 100 |
1 |
|
|a Berchorius, Petrus,
|d asi 1290-asi 1362
|7 ola2002153940
|4 aut
|
| 245 |
1 |
0 |
|a Repertorium morale
|
| 246 |
3 |
|
|a Repertorium morale. Ed. Johannes Beckenhaub
|
| 264 |
|
1 |
|a [Nuremberg] :
|b [Anton Koberger],
|c [1489]
|
| 300 |
|
|
|a CCCLXXXV listů ;
|c 2°
|
| 336 |
|
|
|a text
|b txt
|2 rdacontent
|
| 337 |
|
|
|a bez média
|b n
|2 rdamedia
|
| 338 |
|
|
|a svazek
|b nc
|2 rdacarrier
|
| 500 |
|
|
|a Výzdoba: Reklamanty, text tištěn dvousloupcově
|
| 500 |
|
|
|a Iniciály dokresleny červenou barvou, v textu dokresleno několik ukazovacích ručiček, na konci figurální kresba tuší
|
| 500 |
|
|
|a V textu je několik pozdějších latinských i německých glos, poznámek, výpočtů ...
|
| 500 |
|
|
|a Přesná datace: 4. II. 1489
|
| 500 |
|
|
|a Druhý díl díla Repertorium morale
|
| 500 |
|
|
|a Ve sloupci 70 řádků, vynechané místo pro iniciály - 3-7 řádků, ústřední iniciála - 17 řádků
|
| 500 |
|
|
|a Filigrány: V tisku se nachází ca 6 různých filigránů, které mají např. podobu: květina se 7 okvětními lístky, květina se 6 okvětními lístky, jetelový kříž, slunce/hvězda, trojúhelník z jehož vrcholu vyrůstá hvězda, na trojúhelníku je položeno písmeno V
|
| 500 |
|
|
|a Rozpis složek: A7, B-Z6, Aa-Zz6, Aaa-Sss6
|
| 500 |
|
|
|a Na předním přídeští rukopisná poznámka: Petri Berchorii Dictionarii moralis Pars II. Nurembergae 1489 Panzer II. 206 187
|
| 500 |
|
|
|a Fol. 1(r): Secunda pars dictionarij. De litera E ante A. Incipit feliciter
|
| 500 |
|
|
|a Fol. 1(r): A. Eaz. Earuz. Note q; ists pronomen ea cum sit protiome[m] adiectium et raletinu[m] videt[ur] posse significare...
|
| 500 |
|
|
|a Fol. XCIII(r): Incipit litera G. Abaa. Aota q; gabaa interp[re]tatur vallis ei[us] vel procliuiu[m] eius
|
| 500 |
|
|
|a Fol. CIIII(r): Incipit litera H. Abere. Nota q; habere signat possessionem
|
| 500 |
|
|
|a Fol. CXXIIII(v): Incipit litera J. Acere Nota q; iacere idem est q; ad terram ex longo corp[or]is pronum prostratu[m]q[ue] esse
|
| 500 |
|
|
|a Fol. CCXVIII(r): Incipit litera. K Kalende. Nota q; kalende dicebant[ur] et adhuc dicunt p[ri]mi dies mensiu[m] ...
|
| 500 |
|
|
|a Fol. CCXVIII(r): Incipit litera. L. LAbiuz quia p[er] labium locutio designatur eo q; om[n]is vox et locutio p[er] labia exprimatur
|
| 500 |
|
|
|a Fol. CCLXV(r): Incipit litera. M. MAchabe[us] Cu[m] Machabeus fuerit strennuissim[us] miles et pro fide et lege sua bellicosissimus...
|
| 500 |
|
|
|a Fol. CCCXXII(r): Incipit l[ite]ra N. NAama[m].
|
| 500 |
|
|
|a Fol. CCCLIII(r): Incipit litera O. O Nota q; ista dictio seu l[ite]ra O ponitu[m] diuersimode in scriptura
|
| 500 |
|
|
|a Fol. CCCLXXXV(r): Et multa inuenies exempla de o[m]nib[us] sup[er] in titulis diuerſis etc. Dide infra de Paſtore. Explicit litera. O
|
| 500 |
|
|
|a Další reference: Pell 2060; CIBN B-239; Hillard 322; Fernillot 121; Girard 80; Neveu 92; Richard 86; Torchet 123; Zehnacker 384; Polain(B) 559; IGI VI 1488-A; IBP 891; SI 621; Sajó-Soltész 553; Gspan-Badalić 86; Kotvan 194; CCIR B-36; IBE 4524; Coll(U) 298; Madsen 593; Nentwig 71; Ernst(Hildesheim) II,VI 5; Günt(L) 2101; Voull(Trier) 1125; Schlechter-Ries 238; Voull(B) 1779; Schmitt I 1732,5; Hubay(Augsburg) 323; Hubay(Eichstätt) 158; Hummel-Wilhelmi 93, 94; Ohly-Sack 454, 455; Sack(Freiburg) 549; Kind(Göttingen) 1992; Borm 384; Pad-Ink 95; Finger 154; Wilhelmi 112, 113; Rhodes(Oxford Colleges) 317; Bod-inc B-158; Sheppard 1511; Pr 2066
|
| 510 |
4 |
|
|a Dokoupil, V. Soupis prvotisků z fondů Universitní knihovny v Brně. Katalog der Inkunabeln aus den Beständen der Universitätsbibliothek in Brünn,
|c s. 62-63, č. 170
|u http://kramerius.mzk.cz/search/handle/uuid:fbbb1b17-c61d-4a11-a517-b6ca0aec303a
|
| 510 |
4 |
|
|a Dokoupil, V. Soupis prvotisků, spravovaných Universitní knihovnou v Brně,
|c sv. 4. Klášterní knihovna benediktinů v Rajhradě, s. 5, č. 19
|
| 510 |
4 |
|
|a ISTC (The Incunabula Short-Title Catalogue),
|c ib00340000
|u http://istc.bl.uk/search/record.html?istc=ib00340000
|
| 510 |
4 |
|
|a www(Gesamtkatalog der Wiegendrucke),
|c 3866
|u http://www.gesamtkatalogderwiegendrucke.de/docs/GW03866.htm
|
| 510 |
4 |
|
|a www(TW - Typenrepertorium der Wiegendrucke),
|b Type 9:165G bei Anton Koberger (Nürnberg, Offizin 2)
|c http://tw.staatsbibliothek-berlin.de/ma02055
|
| 510 |
4 |
|
|a BSB-Ink (Inkunabelkatalog der Bayerischen Staatsbibliothek),
|c B-294
|u http://inkunabeln.digitale-sammlungen.de/Ausgabe_B-294.html
|
| 510 |
4 |
|
|a Hain, L. Repertorium Bibliographicum, in quo libri omnes ab arte typographica inventa usque ad annum MD,
|c 2798 = 2801
|
| 510 |
4 |
|
|a Šimáková, J. - Vrchotka, J. Katalog prvotisků Knihovny Národního muzea v Praze a zámeckých a hradních knihoven v České republice
|c 285
|
| 510 |
4 |
|
|a Goff, F.R. Incunabula in American Libraries,
|c B340
|
| 510 |
4 |
|
|a Louda, J. Soupis prvotisků Universitní knihovny v Olomouci a její pobočky v Kroměříži,
|c 287
|
| 510 |
4 |
|
|a Kotvan, I. Katalóg prvotlačí Vedeckej knižnice mesta Bratislavy,
|c 60
|
| 561 |
|
|
|a Provenience: [m.p.] Pertinens ad Inventarium Parochiae Ottenthal
|
| 561 |
|
|
|a Provenience: [m.p.] Ad jnuentarium parochiae Ottenthal pertinens
|
| 563 |
|
|
|a Koženková převazba s nalepeným usňovým hřbetem, lepenkové desky, látkové tkanice
|
| 590 |
|
|
|a První a druhý list má několik trhlin - dodatečně vyspraveno proužkem papíru. Listy I-VII, LX jsou u hřbetu vyspraveny proužkem papíru. List CLXXXV je počmáraný - čmáranice je dodatečně rozetřena vodou. Listy CCVI, CCLXXXII mají u pravého okraje utržený pruh - dodatečně vyspraveno (doplněno papírem). Listy CCCLXXXI-CCCLXXXV jsou poškozené u pravého dolního rohu - dodatečně dolepeno papírem. U dolního okraje a na okrajích poškozeno vodou - mapy, na několika místech poškozeno plísní. V tisku jsou dva větší výletové otvory
|
| 650 |
|
7 |
|a morální teologie
|7 ph115355
|2 czenas
|
| 650 |
|
7 |
|a historické knihovní fondy
|7 ph172933
|2 czenas
|
| 655 |
|
7 |
|a výkladové slovníky
|7 fd133855
|2 czenas
|
| 655 |
|
7 |
|a prvotisky
|7 fd422077
|2 czenas
|
| 700 |
1 |
|
|a Beckenhaub, Johannes,
|d asi 1440-asi 1491
|7 ola2008459650
|4 edt
|
| 856 |
4 |
2 |
|u http://daten.digitale-sammlungen.de/~db/0004/bsb00041460/images/
|z Exemplář Bavorské knihovny
|y Digitalizovaný dokument
|
| 856 |
4 |
1 |
|u http://www.digitalniknihovna.cz/mzk/view/uuid:849b53f3-75a3-41ad-bf3a-f3febe44700b
|y Digitalizovaný dokument
|
| 903 |
|
|
|a RP
|
| 910 |
|
|
|e BOE950
|c R - P - 26
|
| 978 |
|
|
|b Koberger, Anton
|a Nürnberg
|c 1489
|
| 984 |
|
|
|a Norimberk
|b Německo
|
| 985 |
|
|
|a 1451-1500
|
| 990 |
|
|
|a BK
|
| 996 |
|
|
|e BOE950
|c R - P - 26
|
| 991 |
|
|
|k rajhrad
|
| 980 |
|
|
|c 224438
|g R - P - 26
|1 328100224438
|p Inc. Nr. LXXXIII ; Arch. VIII. d. 7 ; C/K II. a. 6 ; B. I. B. 6
|